000
00293nam a2200133Ia 4500
008
230312s9999||||xx |||||||||||||| ||und||
082
_a
891.4
_b
MAN-M
100
_a
Manto, Saddit Hussain
245
0
_a
Manto Naama
260
_b
SangeMeel
300
_a
791
650
_a
Literature
942
_c
BK
999
_c
8716
_d
8716